| 000 | 00574nam a2200193 i 4500 | ||
|---|---|---|---|
| 001 | bg | ||
| 100 | 1 | _aGąsiorowski, Ryszard. | |
| 245 | 1 | 0 |
_aLaboratorium urządzeń elektrycznych / _cRyszard Gąsiorowski, Leonid Kacejko. |
| 260 |
_aLublin : _bPolit. Lubelska, _c1983. |
||
| 300 |
_as. 290 : _brys., tab., tabl. nlb. 1. |
||
| 500 | _aElektrotechnika PL. | ||
| 504 | _a[Zawiera bibliogr. s. 289-290]. | ||
| 700 | 1 | _aKacejko, Leonid. | |
| 040 | _cBPK | ||
| 041 | _apol | ||
| 080 | _a621.31/.32(075.8)(076) | ||
| 942 | _cKS | ||
| 008 | s pl f |000 0 pol | ||
| 999 |
_c22203 _d22203 |
||
| 856 |
_uhttp://koha.tu.koszalin.pl/cgi-bin/koha/opac-detail.pl?biblionumber=22203 _yKatalog online BPK |
||